<?xml version="1.0" encoding="UTF-8"?>
<collection xmlns="http://www.loc.gov/MARC21/slim">
 <record>
  <leader>00864nam a22002535a 4500</leader>
  <controlfield tag="001">CEM.cems015384</controlfield>
  <controlfield tag="005">20191202155330.0</controlfield>
  <controlfield tag="008">130507s2013##################000#0#####d</controlfield>
  <controlfield tag="003">CEMS</controlfield>
  <datafield tag="020" ind1=" " ind2=" ">
   <subfield code="a">9789876849845</subfield>
  </datafield>
  <datafield tag="082" ind1="0" ind2="4">
   <subfield code="a">A868.4</subfield>
  </datafield>
  <datafield tag="100" ind1="1" ind2=" ">
   <subfield code="a">Orgambide, Pedro</subfield>
  </datafield>
  <datafield tag="245" ind1="1" ind2="0">
   <subfield code="a">Estaba la paloma blanca /</subfield>
   <subfield code="c">Pedro Orgambide ; ilustrado Por Myriam Holgado</subfield>
  </datafield>
  <datafield tag="260" ind1=" " ind2=" ">
   <subfield code="a">Buenos Aires :</subfield>
   <subfield code="b">Colihue,</subfield>
   <subfield code="c">2013</subfield>
  </datafield>
  <datafield tag="300" ind1=" " ind2=" ">
   <subfield code="a">12 p.</subfield>
  </datafield>
  <datafield tag="490" ind1="0" ind2=" ">
   <subfield code="a">Los morochitos / Laura Devetach y Gustavo Roldán</subfield>
  </datafield>
  <datafield tag="653" ind1=" " ind2=" ">
   <subfield code="a">Literatura</subfield>
  </datafield>
  <datafield tag="653" ind1=" " ind2=" ">
   <subfield code="a">Literatura argentina</subfield>
  </datafield>
  <datafield tag="653" ind1=" " ind2=" ">
   <subfield code="a">Literatura infantil</subfield>
  </datafield>
  <datafield tag="653" ind1=" " ind2=" ">
   <subfield code="a">Cuentos infantiles</subfield>
  </datafield>
  <datafield tag="653" ind1=" " ind2=" ">
   <subfield code="a">Colección ciencias de la educación</subfield>
  </datafield>
  <datafield tag="700" ind1="1" ind2=" ">
   <subfield code="a">Holgado, Myriam; il.</subfield>
  </datafield>
  <datafield tag="859" ind1=" " ind2=" ">
   <subfield code="a">CEMS</subfield>
   <subfield code="b">BIB. CEMS - Ccias. Educacion</subfield>
   <subfield code="h">A868.4</subfield>
   <subfield code="i">Or351-2</subfield>
   <subfield code="k">CE</subfield>
   <subfield code="p">28765.19</subfield>
   <subfield code="t">Ej.1</subfield>
  </datafield>
  <datafield tag="859" ind1=" " ind2=" ">
   <subfield code="a">CEMS</subfield>
   <subfield code="b">BIB. CEMS - Ccias. Educacion</subfield>
   <subfield code="h">A868.4</subfield>
   <subfield code="i">Or351-2</subfield>
   <subfield code="k">CE</subfield>
   <subfield code="p">28768.19</subfield>
   <subfield code="t">Ej.2</subfield>
  </datafield>
 </record>
</collection>
